Legal Research Methodology: (Record no. 183076)

MARC details
000 -LEADER
fixed length control field 00582 a2200193 4500
005 - DATE AND TIME OF LATEST TRANSACTION
control field 20211216121550.0
010 ## - LCCN (DPL NO)
LC control number ENG-130349
020 ## - INTERNATIONAL STANDARD BOOK NUMBER
Terms of availability 625.00
International Standard Book Number 978-93-9121-101-1
035 ## - SYSTEM CONTROL NUMBER
System control number EN-113881
037 ## - SOURCE OF ACQUISITION
Source of stock number/acquisition DBAD / PUB
082 ## - DEWEY DECIMAL CLASSIFICATION NUMBER
Classification number 340.07254
100 ## - MAIN ENTRY--PERSONAL NAME
Personal name Singh, Rattan
245 ## - TITLE STATEMENT
Title Legal Research Methodology:
Statement of responsibility, etc Rattan Singh
250 ## - EDITION STATEMENT
Edition statement 2021
260 ## - PUBLICATION, DISTRIBUTION, ETC. (IMPRINT)
Name of publisher, distributor, etc LexisNexis
Date of publication, distribution, etc 2021
Place of publication, distribution, etc Haryana
270 ## - ADDRESS
City Gurgaon
Address 14th Floor, Building No. 10, Tower-B, DLF Cyber City, Phase-II
Postal code 122002
300 ## - PHYSICAL DESCRIPTION
Extent 384p.
Dimensions 24cm (pbk)
942 ## - ADDED ENTRY ELEMENTS (KOHA)
Institution code [OBSOLETE] dpl
Item type English Books
Source of classification or shelving scheme Dewey Decimal Classification
Classification part 340.07254
Call number suffix RAT
Holdings
Withdrawn status Lost status Not for loan Collection code Home library Current library Date acquired Source of acquisition Cost, normal purchase price Full call number Barcode Copy number Cost, replacement price Koha item type
      Non-fiction Shahdara Branch Shahdara Branch 16/12/2021 DBAD/PUB 625.00 340.07254 RAT EN-113881 1 625.00 English Books

© Delhi Public Library
Hit Counter
free hit counter